[Event "Baltija Cup 16th"]
[Site "Palanga"]
[Date "2019.06.18"]
[Round "3"]
[White "Berzina, Ilze"]
[Black "Vikharev, Alexey"]
[Result "1/2-1/2"]
[WhiteElo "2252"]
[BlackElo "2000"]
[PlyCount "120"]
[EventDate "2019.06.17"]
[EventType "swiss"]
[EventRounds "7"]
[EventCountry "LTU"]
[SourceTitle "CBM 191 Extra"]
[Source "ChessBase"]
[SourceDate "2019.09.30"]
[SourceVersion "1"]
[SourceVersionDate "2019.09.30"]
[SourceQuality "1"]

1. e4 e5 2. Nf3 Nc6 3. Bb5 d6 4. Bxc6+ bxc6 5. d4 exd4 6. Nxd4 Bb7 7. 0-0 g6 8. Qd3 Bg7 9. c4 Nf6 10. Nc3 0-0 11. Bg5 h6 12. Bh4 Qc8 13. h3 Re8 14. Rae1 Nd7 15. f4 Rb8 16. Bf2 c5 17. Nde2 Bc6 18. b3 Qa6 19. Qc2 Qb7 20. Nd5 Nf6 21. Nec3 Nxd5 22. Nxd5 Bxd5 23. exd5 Qb4 24. Re4 Qc3 25. Qe2 Kf8 26. Re1 Rxe4 27. Qxe4 Bf6 28. h4 h5 29. f5 Qe5 30. Qxe5 Bxe5 31. fxg6 fxg6 32. Bxc5 Re8 33. Bf2 a5 34. a4 Rb8 35. Re3 Kg8 36. Rf3 Kg7 37. Kf1 Bf6 38. Be1 Ra8 39. Ke2 Be5 40. Kd3 Rb8 41. Kc2 Ra8 42. Bd2 Bf6 43. Bc3 Bxc3 44. Kxc3 Rb8 45. Kd4 Rb4 46. Kc3 Rb8 47. Re3 Kf7 48. Re6 Rb4 49. g3 Rb7 50. c5 Rb4 51. cxd6 cxd6 52. Rxd6 Rg4 53. Rb6 Rxg3+ 54. Kd4 Rg4+ 55. Ke5 Rxh4 56. Rb7+ Ke8 57. d6 Rh1 58. Ke6 Re1+ 59. Kf6 Rg1 60. Ke6 Re1+ 1/2-1/2

[Event "Palanga Baltija op-A"]
[Site "Palanga"]
[Date "2014.06.20"]
[Round "8"]
[White "Vikharev, Alexey"]
[Black "Januseviciute, Donata"]
[Result "1-0"]
[WhiteElo "1857"]
[BlackElo "1723"]
[PlyCount "107"]
[EventDate "2014.06.16"]
[EventType "swiss"]
[EventRounds "9"]
[EventCountry "LTU"]
[SourceTitle "CBM 161 Extra"]
[Source "ChessBase"]
[SourceDate "2014.08.29"]
[SourceVersion "1"]
[SourceVersionDate "2014.08.29"]
[SourceQuality "1"]

1. e4 e6 2. d4 d5 3. e5 c5 4. Nf3 Nc6 5. Bd3 Bd7 6. 0-0 Rc8 7. a3 cxd4 8. Re1 Bc5 9. Nbd2 a6 10. Nb3 Ba7 11. Bf4 Nge7 12. Qd2 Ng6 13. Bg3 0-0 14. h4 h6 15. Rad1 Bb6 16. h5 Nge7 17. Bf4 Nf5 18. Bxf5 exf5 19. Nbxd4 Nxd4 20. Nxd4 Bxd4 21. Qxd4 Be6 22. c3 Rc4 23. Qd2 Qh4 24. g3 Qxh5 25. Kg2 g5 26. Rh1 Qg6 27. Rxh6 Qxh6 28. Bxg5 Qg6 29. Bf6 f4 30. Rh1 f3+ 31. Kf1 Qb1+ 32. Qe1 Qh7 33. Rxh7 Kxh7 34. Qe3 Bh3+ 35. Kg1 Bg4 36. Qg5 Rg8 37. Qh4+ Kg6 38. Bg5 Kf5 39. Qh7+ Rg6 40. Bf4 Ke6 41. Qh8 Kd7 42. Qb8 Rxf4 43. e6+ Kxe6 44. Qxf4 f5 45. Qc7 b5 46. Qc6+ Kf7 47. Qxd5+ Kg7 48. b3 Rh6 49. c4 bxc4 50. bxc4 Kg6 51. c5 Kg5 52. c6 Rh7 53. c7 Rxc7 54. Qd8+ 1-0

[Event "Palanga Baltija op-A"]
[Site "Palanga"]
[Date "2014.06.19"]
[Round "6"]
[White "Vikharev, Alexey"]
[Black "Zukauskas, Arnas Povilas"]
[Result "0-1"]
[WhiteElo "1857"]
[BlackElo "1653"]
[PlyCount "92"]
[EventDate "2014.06.16"]
[EventType "swiss"]
[EventRounds "9"]
[EventCountry "LTU"]
[SourceTitle "CBM 161 Extra"]
[Source "ChessBase"]
[SourceDate "2014.08.29"]
[SourceVersion "1"]
[SourceVersionDate "2014.08.29"]
[SourceQuality "1"]

1. e4 c5 2. c3 e6 3. d4 d5 4. exd5 exd5 5. Be3 cxd4 6. Bxd4 Nc6 7. Bb5 Bd7 8. Qe2+ Qe7 9. Bxc6 bxc6 10. Nd2 Nf6 11. 0-0-0 Qxe2 12. Nxe2 Bd6 13. Nb3 0-0 14. Nc5 Rfe8 15. Rhe1 Be6 16. Ng3 Bxc5 17. Bxc5 Nd7 18. Be3 Rab8 19. Ne2 Rb7 20. Nd4 c5 21. Nxe6 fxe6 22. Rd2 Rc8 23. Bf4 Kf7 24. Rde2 Rc6 25. Re3 h6 26. Rf3 Ke7 27. Rg3 g5 28. Bd2 Rcb6 29. b3 c4 30. b4 Nc5 31. Kc2 Nd3 32. Ra1 a5 33. Rh3 e5 34. Be3 Rf6 35. Rxh6 Rxh6 36. Bxg5+ Rf6 37. a3 Ke6 38. Bxf6 Kxf6 39. Rb1 axb4 40. cxb4 d4 41. b5 Ra7 42. b6 Rxa3 43. b7 Ra2+ 44. Kd1 c3 45. Rb6+ Ke7 46. b8Q Rd2# 0-1

[Event "Palanga Baltija op-A"]
[Site "Palanga"]
[Date "2014.06.16"]
[Round "1"]
[White "Gucaga, Augustas"]
[Black "Vikharev, Alexey"]
[Result "1-0"]
[WhiteElo "1538"]
[BlackElo "1857"]
[PlyCount "107"]
[EventDate "2014.06.16"]
[EventType "swiss"]
[EventRounds "9"]
[EventCountry "LTU"]
[SourceTitle "CBM 161 Extra"]
[Source "ChessBase"]
[SourceDate "2014.08.29"]
[SourceVersion "1"]
[SourceVersionDate "2014.08.29"]
[SourceQuality "1"]

1. e4 e5 2. Nf3 Nc6 3. Bb5 d6 4. 0-0 Bd7 5. d4 exd4 6. Nxd4 g6 7. Nc3 Bg7 8. Be3 Nf6 9. Re1 0-0 10. f3 a6 11. Bc4 Kh8 12. a3 Nh5 13. Nce2 Qe7 14. Qd2 Qe5 15. Nxc6 Bxc6 16. Bd4 Qe7 17. Bxg7+ Nxg7 18. Nd4 Bd7 19. c3 Ne6 20. Bxe6 fxe6 21. Qc2 e5 22. Ne2 Qg5 23. Qb3 Bc6 24. c4 Rf6 25. Ng3 Raf8 26. Qe3 Qh4 27. Rad1 Bd7 28. c5 g5 29. cxd6 cxd6 30. Qb6 Rh6 31. Nf1 Bc6 32. Qc7 g4 33. Rxd6 Rhf6 34. Rxf6 Qxf6 35. Nd2 h5 36. Rf1 Bb5 37. Rf2 h4 38. Nc4 g3 39. Rc2 gxh2+ 40. Kxh2 Qf4+ 41. Kh1 Bxc4 42. Rxc4 h3 43. Rc2 Rg8 44. Qc4 Qh4 45. g4 Qg3 46. Qf1 Rf8 47. Rf2 Kg7 48. Qe2 Rc8 49. Qd2 Kg6 50. Qd6+ Kg5 51. Qe7+ Kf4 52. Qf6+ Ke3 53. Qb6+ Kf4 54. Qh6# 1-0